| 000 | 00620nam a2200205 ar4500 | ||
|---|---|---|---|
| 001 | 1858 | ||
| 005 | 20221127090314.0 | ||
| 008 | 100320s xxka 00110|eng d | ||
| 020 |
_a9780273694748(pbk) : _cSR196.00 |
||
| 082 | 0 | 4 |
_a658.83 _bW691 2006 |
| 100 | 1 | _aWilson, Alan. | |
| 245 | 1 | 0 |
_aMarketting research : _ban integrated approach / _cAlan Wilson. |
| 250 | _a2nd ed. | ||
| 260 |
_aHarlow, England ; _aNew York : _bFT/Prentice Hall, _c2006. |
||
| 300 |
_axviii, 432 p. : _bill. ; _c25 cm. _e2CD. |
||
| 500 | _aPrev. ed. : 2003. | ||
| 500 | _aIncludes index. | ||
| 650 | 4 | _aMarketing research. | |
| 650 | 4 | _aMarketing. | |
| 999 |
_c1856 _d1856 |
||